|
|
|
|
| LEADER |
03004nam a2200409Ia 4500 |
| 001 |
ovld001900415 |
| 003 |
UtOrBLW |
| 005 |
20161102094121.0 |
| 006 |
m o d |
| 007 |
cr un||||||||| |
| 008 |
161102s2016 enka eob 000 0 eng d |
| 020 |
|
|
|a 9781785609695 (electronic bk.)
|
| 040 |
|
|
|a UtOrBLW
|d GrThAP
|
| 050 |
|
4 |
|a HF5630
|b .A38 2016
|
| 072 |
|
7 |
|a KFC
|2 bicssc
|
| 072 |
|
7 |
|a KF
|2 bicssc
|
| 072 |
|
7 |
|a BUS001000
|2 bisacsh
|
| 080 |
|
|
|a 657
|
| 082 |
0 |
4 |
|a 657.071
|2 23
|
| 245 |
0 |
0 |
|a Advances in accounting education.
|n Vol. 19
|h [electronic resource] :
|b teaching and curriculum innovations /
|c edited by Timothy J. Rupert, Beth B. Kern.
|
| 260 |
|
|
|a Bingley, U.K. :
|b Emerald,
|c 2016.
|
| 300 |
|
|
|a 1 online resource (xvii, 193 p.) :
|b ill.
|
| 490 |
1 |
|
|a Advances in accounting education: teaching and curriculum innovations,
|x 1085-4622 ;
|v v. 19
|
| 504 |
|
|
|a Includes bibliographical references.
|
| 505 |
0 |
|
|a Tenure track opt-outs: leakages from the academic pipeline / Elizabeth Dreike Almer, Amelia A. Baldwin, Allison Jones-Farmer, Margaret Lightbody, Louise E. Single -- Debits, credits, and circadian rhythms: the effect of CPA exam start time on performance / Greg Gaynor, Susan A. Lynn, Olaf Wasternack -- Flipping the managerial accounting principles course: effects on student performance, evaluation, and attendance / Tom Downen, Becky Hyde -- Peer-to-peer implementation of an action-oriented ethics framework in the introductory accounting sequence / Jane Cote, Claire Latham -- Teaching inherent risk and tolerable misstatement in auditing: a modified delphi method as a teaching tool / Richard J. Barndt, Lori R. Fuller, Kevin E. Flynn -- Leveraging online testing to enhance student learning / Tommy Wooten -- Retail leases: a research exercise examining archived, current, and future standards / Natalie Churyk, Alan Reinstein, Lance Smith.
|
| 520 |
|
|
|a Advances in Accounting Education: Teaching and Curriculum Innovations 19 publishes both non-empirical and empirical articles dealing with accounting pedagogy. All articles explain how teaching methods or curricula/programs can be improved. Non-empirical papers are academically rigorous, and specifically discuss the institutional context of a course or program, as well as any relevant tradeoffs or policy issues. Empirical reports exhibit sound research design and execution, and develop a thorough motivation and literature review, including references from outside the accounting field, where appropriate.
|
| 650 |
|
7 |
|a Business & Economics
|x Accounting
|x General.
|2 bisacsh
|
| 650 |
|
7 |
|a Accounting.
|2 bicssc
|
| 650 |
|
7 |
|a Finance & accounting.
|2 bicssc
|
| 650 |
|
0 |
|a Accounting
|x Study and teaching.
|
| 650 |
|
0 |
|a Educational innovations.
|
| 700 |
1 |
|
|a Rupert, Timothy J.
|
| 700 |
1 |
|
|a Kern, Beth Burchfield,
|d 1958-
|
| 776 |
1 |
|
|z 9781785609701
|
| 830 |
|
0 |
|a Advances in accounting education ;
|v v. 19.
|
| 856 |
4 |
0 |
|u http://www.emeraldinsight.com/1085-4622/19
|z Full Text via HEAL-Link
|
| 913 |
|
|
|1 Sept2016
|